000 00472nam a2200145 4500
008 708 S112g
020 _a9789563455144
082 _a708
_bS112g
100 _aSaavedra, Ana María (editora)
_96207
245 _aGalería Metropolitana 2004-2010...
260 _aSantiago de Chile
_bANDROS Impresores
_c2011
300 _a174 p.
_bill
_c28 x 19.5 cm.
650 _xarte contemporáneo
_xexhibiciones
_xGalería Metropolitana
_xChile
_96208
700 _aAlarcón, Luis (editor)
_96209
999 _c1410
_d1410